[Event "III Memorial Salvatore Nobile"]
[Site "Roma ITA"]
[Date "2010.01.14"]
[Round "1"]
[White "Salvagni, Gianfranco"]
[Black "Catalini, Giampiero"]
[Result "0-1"]
[WhiteElo "1563"]
[BlackElo "1980"]
[PlyCount "134"]
[EventDate "2010.01.14"]

1. e4 d6 2. d4 g6 3. Be3 Bg7 4. c3 Nf6 5. Nd2 O-O 6. Be2 Nc6 7. f4 a6 8. h3 d5
9. Bf3 dxe4 10. Nxe4 Nd5 11. Bd2 Nb6 12. Ne2 Nc4 13. Bc1 Nd6 14. O-O Nf5 15.
N2g3 Nh4 16. Be2 Be6 17. Bd3 Qd5 18. Kh1 Rad8 19. Qe2 Rfe8 20. Be3 b5 21. Nc5
Bc8 22. Be4 Qd6 23. Qf2 Na5 24. Bd3 Nc4 25. Bxc4 bxc4 26. Nge4 Qb6 27. Qxh4
Qxb2 28. Qf2 Qa3 29. Rfb1 Bf5 30. Rb4 Bxe4 31. Nxe4 f5 32. Bc1 Qa5 33. Nc5 Rb8
34. Qb2 Rxb4 35. Qxb4 Qxb4 36. cxb4 Bxd4 37. Rb1 e5 38. fxe5 Bxe5 39. Bg5 Bd6
40. Nxa6 Re2 41. a4 c3 42. Nc5 Rb2 43. Rf1 c2 44. Nd3 Rb1 45. Bc1 f4 46. Rf2
Ra1 47. Rxc2 Rxa4 48. b5 Ra1 49. Kg1 g5 50. Kf2 h5 51. Kf3 Kh7 52. Nf2 Rb1 53.
Ne4 Rxb5 54. Nxd6 cxd6 55. Ba3 Rb3+ 56. Ke4 Rxa3 57. Rd2 Ra6 58. Kf5 Kh6 59.
Ke6 Kg6 60. Kd5 Kf5 61. Re2 g4 62. hxg4+ hxg4 63. Re8 Ra2 64. Rf8+ Kg5 65. g3
fxg3 66. Rf1 g2 67. Rg1 Kf4 0-1

[Event "III Memorial Salvatore Nobile"]
[Site "Roma ITA"]
[Date "2010.01.14"]
[Round "1"]
[White "Vanzan, Alessandro"]
[Black "Marelli, Emanuele"]
[Result "1-0"]
[WhiteElo "1777"]
[BlackElo "1440"]
[PlyCount "101"]
[EventDate "2010.01.14"]

1. c4 Nf6 2. Nc3 e6 3. a3 b6 4. Nf3 d6 5. g3 Bb7 6. Bg2 Be7 7. O-O Nbd7 8. d4
O-O 9. Bf4 a6 10. Qc2 c5 11. Be3 Ng4 12. d5 Nxe3 13. fxe3 Nf6 14. e4 Ng4 15.
Qd3 Bf6 16. Bh3 Ne5 17. Nxe5 dxe5 18. Rad1 exd5 19. cxd5 Qd6 20. Rf3 Rad8 21.
Rdf1 b5 22. Na2 Qb6 23. Qe3 Be7 24. Nb4 Rd6 25. Nd3 c4 26. Qxb6 Rxb6 27. Nxe5
Bc5+ 28. Kg2 Rf6 29. Rxf6 gxf6 30. Nd7 Bd4 31. Nxf8 Kxf8 32. Rb1 Ke7 33. Kf3 a5
34. e3 Be5 35. Bf5 h6 36. Ke2 Ba6 37. Kd2 Bd6 38. Rg1 Be5 39. Kc2 Bb7 40. h4
Bd6 41. Kd2 b4 42. axb4 axb4 43. g4 b3 44. g5 Bb4+ 45. Kc1 hxg5 46. hxg5 fxg5
47. Rxg5 c3 48. e5 Ba5 49. Rg8 f6 50. Rg7+ Kf8 51. Rxb7 1-0

[Event "III Memorial Salvatore Nobile"]
[Site "Roma ITA"]
[Date "2010.01.20"]
[Round "2"]
[White "Andreozzi, Paolo"]
[Black "Di Mauro, Sebastiano"]
[Result "0-1"]
[WhiteElo "1729"]
[BlackElo "1832"]
[PlyCount "99"]
[EventDate "2010.01.14"]

1. d4 Nf6 2. Nf3 g6 3. Bf4 Bg7 4. e3 d6 5. h3 O-O 6. Nbd2 Re8 7. Be2 Nbd7 8.
Rb1 c5 9. c3 e5 10. dxe5 dxe5 11. Bg5 e4 12. Nh2 h6 13. Bh4 Qc7 14. Qc2 Qc6 15.
O-O b5 16. Rfd1 Bb7 17. Nb3 a5 18. Ng4 a4 19. Na1 Rad8 20. Rd2 g5 21. Bg3 Nb6
22. Rxd8 Rxd8 23. Ne5 Qe8 24. Rd1 Rxd1+ 25. Qxd1 Nfd5 26. Ng4 f5 27. Nh2 Qe7
28. Bxb5 f4 29. Nf1 fxg3 30. Nxg3 Qe5 31. Nc2 Bf8 32. Qe2 Nf6 33. Bxa4 Nxa4 34.
Qc4+ Qd5 35. Qxa4 h5 36. Na1 Bc6 37. Qb3 c4 38. Qc2 h4 39. Nf1 Qd3 40. b3 cxb3
41. axb3 Nd5 42. c4 Nb4 43. Qd2 Qxd2 44. Nxd2 Bg7 45. Nc2 Nxc2 46. c5 Bc3 47.
Nc4 Kg7 48. Nd6 Kf6 49. Nc8 Ke6 50. Nb6 0-1

[Event "III Memorial Salvatore Nobile"]
[Site "Roma ITA"]
[Date "2010.01.20"]
[Round "2"]
[White "Battistelli, Alessandro"]
[Black "Macri', Giuseppe"]
[Result "1-0"]
[WhiteElo "1923"]
[BlackElo "1248"]
[PlyCount "72"]
[EventDate "2010.01.14"]

1. Nf3 Nc6 2. b3 e6 3. Bb2 Nf6 4. e3 b6 5. c4 Ba6 6. Nc3 Be7 7. d4 Bd6 8. Bd3
Bb4 9. Qc2 Qe7 10. a3 Bd6 11. e4 e5 12. d5 Na5 13. Ne2 Nb7 14. Ng3 Nc5 15. Nf5
Nxd3+ 16. Qxd3 Qf8 17. Nxe5 Rb8 18. a4 Bb4+ 19. Ke2 g6 20. Ne3 Nh5 21. g3 Bc8
22. Rad1 Rg8 23. N5g4 Bc5 24. Nf6+ Nxf6 25. Bxf6 h5 26. Ng2 d6 27. Ne1 Bg4+ 28.
f3 Bd7 29. Nc2 a5 30. Bd4 g5 31. Ke1 Qe7 32. Kf2 Kd8 33. e5 Bxd4+ 34. Qxd4 Kc8
35. Rd2 g4 36. f4 h4 1-0

[Event "III Memorial Salvatore Nobile"]
[Site "Roma ITA"]
[Date "2010.01.20"]
[Round "2"]
[White "Bolla, Vittorio"]
[Black "Bogosaljevic, Miodrag"]
[Result "0-1"]
[WhiteElo "1786"]
[BlackElo "1983"]
[PlyCount "96"]
[EventDate "2010.01.14"]

1. e4 c5 2. Nf3 d6 3. Bb5+ Bd7 4. Bxd7+ Qxd7 5. O-O Nc6 6. c3 Nf6 7. Qe2 g6 8.
Rd1 Qg4 9. Re1 Bg7 10. d4 cxd4 11. cxd4 O-O 12. Nc3 Rfc8 13. h3 Qd7 14. Bf4 Nh5
15. Be3 a6 16. Rad1 Qc7 17. Qd2 Na5 18. Nd5 Qd8 19. Nxe7+ Qxe7 20. Qxa5 Qxe4
21. Bh6 Qc6 22. Bxg7 Nxg7 23. Qd2 Qd5 24. Qb4 Rc4 25. Qb3 Ne6 26. Rc1 b5 27.
Rxc4 bxc4 28. Qc3 Rc8 29. b3 Qb5 30. Nd2 Qd5 31. Nf3 Rc7 32. b4 Nf4 33. Qe3 Nd3
34. Re2 Kg7 35. a3 a5 36. Ne1 axb4 37. Nxd3 cxd3 38. Qxd3 bxa3 39. Qxa3 Qxd4
40. Re3 Rc2 41. Qb3 Rc1+ 42. Kh2 Qf4+ 43. Rg3 Qxf2 44. h4 h5 45. Rf3 Qxh4+ 46.
Rh3 Qf4+ 47. Rg3 h4 48. Qb2+ Kh7 0-1

[Event "III Memorial Salvatore Nobile"]
[Site "Roma ITA"]
[Date "2010.01.20"]
[Round "2"]
[White "Castellano, Lorenzo"]
[Black "Quimi, Marco"]
[Result "0-1"]
[WhiteElo "1825"]
[BlackElo "2147"]
[PlyCount "48"]
[EventDate "2010.01.14"]

1. e4 c5 2. Nc3 g6 3. f4 Nc6 4. Nf3 Bg7 5. Bb5 d6 6. Bxc6+ bxc6 7. O-O Nf6 8.
Qe1 O-O 9. Rb1 Nh5 10. d3 Rb8 11. e5 f6 12. b3 Bg4 13. exd6 exd6 14. Kh1 Re8
15. Qf2 Rb4 16. Ne2 Rb7 17. Ng3 Rbe7 18. Nxh5 Bxh5 19. Bb2 Re2 20. Qh4 Bxf3 21.
Rxf3 Rxc2 22. Rh3 Qe7 23. Kg1 Kf7 24. f5 Qe2 0-1

[Event "III Memorial Salvatore Nobile"]
[Site "Roma ITA"]
[Date "2010.01.20"]
[Round "2"]
[White "Catalini, Giampiero"]
[Black "Vanzan, Alessandro"]
[Result "1-0"]
[WhiteElo "1980"]
[BlackElo "1777"]
[PlyCount "75"]
[EventDate "2010.01.14"]

1. c4 Nf6 2. Nf3 g6 3. b4 Bg7 4. Bb2 O-O 5. e3 d6 6. Be2 Nbd7 7. O-O c5 8. a3
Rb8 9. Qc2 b6 10. d4 cxd4 11. exd4 Bb7 12. Nbd2 Rc8 13. Rfb1 Qc7 14. a4 Nd5 15.
Qb3 Nf4 16. Bf1 Nf6 17. Re1 Rb8 18. c5 bxc5 19. dxc5 dxc5 20. Be5 Qd7 21. Bxf4
Bd5 22. Qd3 Rxb4 23. Bg3 c4 24. Qa3 a5 25. Rac1 Rc8 26. Ne5 Qxa4 27. Qxa4 Rxa4
28. Ndxc4 Ne4 29. Nb6 Rxc1 30. Rxc1 f6 31. Nxa4 fxe5 32. f3 Nxg3 33. hxg3 e4
34. Bc4 Bd4+ 35. Kf1 e6 36. Bxd5 exd5 37. Rd1 Be5 38. f4 1-0

[Event "III Memorial Salvatore Nobile"]
[Site "Roma ITA"]
[Date "2010.01.20"]
[Round "2"]
[White "Cavaterra, Umberto"]
[Black "Prudenzano, Ruggero"]
[Result "0-1"]
[WhiteElo "1771"]
[BlackElo "1927"]
[PlyCount "87"]
[EventDate "2010.01.14"]

1. e4 c5 2. b3 d6 3. Bb2 Nc6 4. Nf3 Nf6 5. Nc3 e6 6. Qe2 Be7 7. e5 dxe5 8. Nxe5
Nd4 9. Qd1 Qc7 10. Nf3 e5 11. Nxd4 cxd4 12. Nb1 O-O 13. Be2 Bf5 14. d3 Rac8 15.
Na3 Bxa3 16. Bxa3 Qa5+ 17. Qd2 Qxa3 18. O-O Qc5 19. Rac1 Rfe8 20. Qg5 Bg6 21.
Bf3 e4 22. Qxc5 Rxc5 23. dxe4 Bxe4 24. Bxe4 Rxe4 25. Rfd1 Kf8 26. Kf1 Rd5 27.
Rd3 Re8 28. Rcd1 Rc8 29. Rxd4 Rxd4 30. Rxd4 Rxc2 31. Ra4 a6 32. a3 Nd5 33. Ra5
Nc3 34. g3 Ne4 35. Rf5 Nd2+ 36. Ke1 Nxb3 37. Rd5 Ke7 38. Rd3 Nc5 39. Re3+ Ne6
40. f4 f5 41. h3 b5 42. g4 g6 43. Re5 Kf6 44. g5+ 0-1

[Event "III Memorial Salvatore Nobile"]
[Site "Roma ITA"]
[Date "2010.01.20"]
[Round "2"]
[White "Elia, Alessio"]
[Black "Musmarra, Giovanni"]
[Result "1-0"]
[WhiteElo "1891"]
[BlackElo "1735"]
[PlyCount "47"]
[EventDate "2010.01.14"]

1. d4 d5 2. Nf3 e6 3. c3 Nf6 4. Bg5 Be7 5. e3 Ne4 6. Bxe7 Qxe7 7. Nbd2 Nxd2 8.
Qxd2 Nd7 9. Bd3 e5 10. dxe5 Nxe5 11. Be2 c6 12. O-O O-O 13. Rad1 Bf5 14. Qd4
Rfe8 15. Nxe5 Qxe5 16. Rd2 Be4 17. Qxe5 Rxe5 18. Rfd1 Rae8 19. c4 Rg5 20. f3
Bg6 21. cxd5 Rxe3 22. dxc6 h5 23. cxb7 Rge5 24. b8=Q+ 1-0

[Event "III Memorial Salvatore Nobile"]
[Site "Roma ITA"]
[Date "2010.01.20"]
[Round "2"]
[White "Marelli, Emanuele"]
[Black "Salvagni, Gianfranco"]
[Result "0-1"]
[WhiteElo "1440"]
[BlackElo "1563"]
[PlyCount "41"]
[EventDate "2010.01.14"]

1. e4 c5 2. Nf3 d6 3. Bc4 e6 4. c3 Nf6 5. e5 dxe5 6. Nxe5 a6 7. a4 Qc7 8. d4
cxd4 9. Qxd4 Bc5 10. Qf4 Bd6 11. Qf3 Bxe5 12. Qd3 Nc6 13. Nd2 O-O 14. Bb3 Ne7
15. Nf3 Bd7 16. Be3 Bc6 17. O-O-O Bf4 18. Qc4 Bxe3+ 19. fxe3 b5 20. Rhf1 bxc4
21. Bxc4 0-1

[Event "III Memorial Salvatore Nobile"]
[Site "Roma ITA"]
[Date "2010.01.20"]
[Round "2"]
[White "Marta, Daniele"]
[Black "Pastore, Cosmas"]
[Result "1/2-1/2"]
[WhiteElo "2064"]
[BlackElo "1799"]
[PlyCount "88"]
[EventDate "2010.01.14"]

1. d4 d5 2. c4 c6 3. e3 e6 4. Nc3 Nf6 5. Qc2 Nbd7 6. Nf3 Be7 7. Bd3 dxc4 8.
Bxc4 b5 9. Be2 Bb7 10. O-O a6 11. e4 c5 12. Rd1 cxd4 13. Nxd4 Qc7 14. a3 O-O
15. Be3 Rac8 16. Rac1 Rfd8 17. f3 Qb8 18. b4 Qa8 19. Qb3 Ne5 20. Nxe6 Rxd1+ 21.
Nxd1 Nc4 22. Nc5 Nxe3 23. Qxe3 Qa7 24. Nf2 Nd7 25. Nfd3 h6 26. Qf2 Nxc5 27.
Nxc5 Bd8 28. g4 Bb6 29. Kg2 Rc6 30. Qd4 Qb8 31. Qd7 Rc8 32. Qf5 g6 33. Qf6 Bd8
34. Qd4 Bb6 35. Qe3 Kh7 36. Rd1 Bc6 37. Rd4 Qa7 38. Rd6 Be8 39. e5 Bxc5 40.
bxc5 Qxc5 41. Qxc5 Rxc5 42. Rxa6 Rxe5 43. Kf2 Kg7 44. Rd6 Rc5 1/2-1/2

[Event "III Memorial Salvatore Nobile"]
[Site "Roma ITA"]
[Date "2010.01.20"]
[Round "2"]
[White "Muru, Massimo"]
[Black "Condemi De Felice, Alfonso"]
[Result "1-0"]
[WhiteElo "1374"]
[BlackElo "1916"]
[PlyCount "70"]
[EventDate "2010.01.14"]

1. e4 g6 2. d4 Bg7 3. Nc3 Nc6 4. Nf3 d6 5. Be3 Nf6 6. h3 a6 7. Qd2 b5 8. a3 Bb7
9. Bh6 O-O 10. Bxg7 Kxg7 11. g4 e5 12. d5 Ne7 13. O-O-O Qc8 14. Bd3 c5 15. dxc6
Bxc6 16. Rdg1 Qb7 17. Qe3 b4 18. axb4 Qxb4 19. h4 Rab8 20. h5 Qxb2+ 21. Kd2 Kh8
22. hxg6 fxg6 23. Qh6 Qb6 24. Ke2 d5 25. Nxe5 dxe4 26. Nxe4 Bxe4 27. Bxe4 Qxf2+
28. Kxf2 Nxg4+ 29. Ke2 Nxh6 30. Rxh6 Rbe8 31. Rgh1 Nf5 32. Rxh7+ Kg8 33. Rh8+
Kg7 34. R1h7+ Kf6 35. Nd7+ Kg5 1-0

[Event "III Memorial Salvatore Nobile"]
[Site "Roma ITA"]
[Date "2010.01.20"]
[Round "2"]
[White "Padovano, Vito"]
[Black "Ceccarelli, Lucio"]
[Result "0-1"]
[WhiteElo "1413"]
[BlackElo "1521"]
[PlyCount "80"]
[EventDate "2010.01.14"]

1. d4 Nf6 2. Nf3 e6 3. c4 Bb4+ 4. Nbd2 O-O 5. a3 Bxd2+ 6. Bxd2 d6 7. e3 Nbd7 8.
Bd3 b6 9. O-O Bb7 10. Re1 e5 11. dxe5 dxe5 12. e4 Nc5 13. Bc2 Nfxe4 14. Bg5 f6
15. Qxd8 Rfxd8 16. Be3 Nd6 17. b4 Ne6 18. Bb3 c5 19. bxc5 Nxc5 20. Bxc5 bxc5
21. Rad1 Nf5 22. Bc2 Bxf3 23. gxf3 Nd4 24. Be4 Rab8 25. Bd5+ Rxd5 26. cxd5
Nxf3+ 27. Kf1 Nxe1 28. Kxe1 Rd8 29. Ke2 Kf7 30. Ke3 Ke7 31. f4 exf4+ 32. Kxf4
Kd6 33. Ke4 Re8+ 34. Kf5 Re5+ 35. Kf4 Rxd5 36. Re1 Re5 37. Rd1+ Kc6 38. Rd8 Re7
39. Rc8+ Kb5 40. a4+ Kc4 0-1

[Event "III Memorial Salvatore Nobile"]
[Site "Roma ITA"]
[Date "2010.01.28"]
[Round "3"]
[White "Bogosaljevic, Miodrag"]
[Black "Catalini, Giampiero"]
[Result "0-1"]
[WhiteElo "1983"]
[BlackElo "1980"]
[PlyCount "71"]
[EventDate "2010.01.14"]

1. d4 d6 2. c4 g6 3. e4 Bg7 4. Nc3 c5 5. Nge2 cxd4 6. Nxd4 Nc6 7. Be3 Nf6 8.
Be2 O-O 9. O-O Bd7 10. Qd2 Rc8 11. b3 Ng4 12. Nxc6 bxc6 13. Bf4 d5 14. exd5
cxd5 15. Rad1 d4 16. Nd5 e5 17. Bg3 Nh6 18. f3 a5 19. Bxe5 Bxe5 20. Qxh6 Bg7
21. Qd2 Bc6 22. Rfe1 Bxd5 23. cxd5 Qxd5 24. Bc4 Qh5 25. Re7 a4 26. Qf4 g5 27.
Qf5 Rcd8 28. Rde1 d3 29. Bxd3 axb3 30. axb3 Qg6 31. Qxg6 hxg6 32. Bc4 Bf6 33.
R7e2 Ra8 34. Bd5 Rad8 35. Rd1 Kg7 36. Bc6 0-1

[Event "III Memorial Salvatore Nobile"]
[Site "Roma ITA"]
[Date "2010.01.28"]
[Round "3"]
[White "Ceccarelli, Lucio"]
[Black "Bolla, Vittorio"]
[Result "0-1"]
[WhiteElo "1521"]
[BlackElo "1786"]
[PlyCount "120"]
[EventDate "2010.01.14"]

1. b4 a5 2. b5 Nf6 3. Bb2 d5 4. Nf3 Bg4 5. e3 e6 6. Be2 c5 7. O-O Bd6 8. a4 O-O
9. c4 dxc4 10. Bxc4 Nbd7 11. Nc3 Qc7 12. h3 Bh5 13. d4 cxd4 14. Qxd4 Bxf3 15.
gxf3 Be5 16. Qd3 Rac8 17. Bxe6 fxe6 18. Rac1 Nc5 19. Qe2 b6 20. f4 Bxc3 21.
Bxc3 Qf7 22. Bd4 Nxa4 23. Rc6 Ne4 24. Qc2 Rxc6 25. bxc6 Nac5 26. Kh2 g6 27. f3
Nd6 28. Bxc5 bxc5 29. Qxc5 Qc7 30. Rd1 Rd8 31. Qe5 Kf7 32. Qc5 a4 33. Ra1 Rc8
34. Rxa4 Qxc6 35. Ra7+ Kg8 36. Qd4 Nf5 37. Qd1 Qc2+ 38. Qxc2 Rxc2+ 39. Kg1 Nxe3
40. Re7 Rc6 41. Kf2 Nf5 42. Re8+ Kf7 43. Rh8 Kg7 44. Rb8 Rc2+ 45. Kf1 h5 46.
Rb4 Rh2 47. Re4 Kf6 48. Kg1 Ra2 49. Rb4 Ra3 50. Kf2 Nh4 51. f5 Nxf5 52. Rf4 g5
53. Rb4 Nh4 54. f4 Rf3+ 55. Ke2 Rxf4 56. Rb8 Nf5 57. Rg8 Rh4 58. Rf8+ Ke5 59.
Rg8 Kf4 60. Re8 e5 0-1

[Event "III Memorial Salvatore Nobile"]
[Site "Roma ITA"]
[Date "2010.01.28"]
[Round "3"]
[White "D'Auria, Giuseppe"]
[Black "Andreozzi, Paolo"]
[Result "0-1"]
[WhiteElo "1525"]
[BlackElo "1729"]
[PlyCount "105"]
[EventDate "2010.01.14"]

1. d4 d5 2. c4 e6 3. Nc3 c6 4. a3 f5 5. Bf4 Nf6 6. e3 Nbd7 7. Nf3 Be7 8. Be2
O-O 9. Ng5 Nb8 10. cxd5 exd5 11. Qb3 h6 12. Nf3 Nbd7 13. Bd3 Ne8 14. Qc2 Nb6
15. O-O Nd6 16. Bxd6 Bxd6 17. b4 Qf6 18. b5 Bd7 19. bxc6 bxc6 20. g3 g5 21. h4
f4 22. hxg5 hxg5 23. Kg2 g4 24. Nh4 f3+ 25. Kg1 Rac8 26. Bh7+ Kg7 27. e4 Qg5
28. e5 Be7 29. Qg6+ Qxg6 30. Nxg6 Rf7 31. Nxe7 Rxe7 32. Bd3 c5 33. Nb5 Bxb5 34.
Bxb5 cxd4 35. Rfd1 Rxe5 36. Rxd4 Rg5 37. a4 Rc5 38. Re1 Rc7 39. a5 Nc4 40. Rc1
Rc5 41. Bd7 Rxa5 42. Bxg4 Ra3 43. Be6 Nb6 44. Rf4 Nc4 45. Bg4 Ne5 46. Rc7+ Kg6
47. Be6 Ra1+ 48. Kh2 Rh5+ 49. Bh3 Ra2 50. g4 Rh8 51. Kg3 Ra1 52. Rf5 Rg1+ 53.
Kh2 0-1

[Event "III Memorial Salvatore Nobile"]
[Site "Roma ITA"]
[Date "2010.01.28"]
[Round "3"]
[White "Macri', Giuseppe"]
[Black "Cavaterra, Umberto"]
[Result "0-1"]
[WhiteElo "1248"]
[BlackElo "1771"]
[PlyCount "27"]
[EventDate "2010.01.14"]

1. e4 c6 2. Nf3 d5 3. Bd3 Bg4 4. Nc3 dxe4 5. Nxe4 Nf6 6. Neg5 e6 7. h3 Bh5 8.
Be2 h6 9. d3 hxg5 10. g4 Bxg4 11. Nxg5 Bxe2 12. Qxe2 Ne4 13. Qxe4 Qb6 14. a4
0-1

[Event "III Memorial Salvatore Nobile"]
[Site "Roma ITA"]
[Date "2010.01.28"]
[Round "3"]
[White "Maurizio, Antonio"]
[Black "Muru, Massimo"]
[Result "1-0"]
[WhiteElo "1449"]
[BlackElo "1374"]
[PlyCount "77"]
[EventDate "2010.01.14"]

1. c4 c5 2. Nf3 Nc6 3. d4 cxd4 4. Nxd4 e6 5. e3 Nf6 6. a3 g6 7. Nc3 Bg7 8. Ndb5
O-O 9. Nd6 a6 10. c5 Qc7 11. Na4 Ne8 12. Nb6 Rb8 13. Ndxc8 Rxc8 14. Nxc8 Qxc8
15. Be2 Nc7 16. O-O Nd5 17. Qc2 Nce7 18. e4 Nf6 19. Be3 Nc6 20. Rfd1 Ne5 21. h3
Qc6 22. f4 Nxe4 23. fxe5 Bxe5 24. Bf3 f5 25. Rf1 d5 26. Bxe4 dxe4 27. Qd2 Qc7
28. Rad1 f4 29. Bd4 e3 30. Bxe5 Qxe5 31. Qd4 Qg5 32. Qe4 e5 33. Rd7 Rb8 34.
Qd5+ Kh8 35. Qf7 Qh6 36. Qf6+ Kg8 37. Qe6+ Kh8 38. Qxe5+ Kg8 39. Qxb8+ 1-0

[Event "III Memorial Salvatore Nobile"]
[Site "Roma ITA"]
[Date "2010.01.28"]
[Round "3"]
[White "Musmarra, Giovanni"]
[Black "Baruffaldi, Giuseppe"]
[Result "1/2-1/2"]
[WhiteElo "1735"]
[BlackElo "1655"]
[PlyCount "113"]
[EventDate "2010.01.14"]

1. e4 c5 2. Nf3 d6 3. d4 cxd4 4. Nxd4 Nf6 5. Nc3 g6 6. Be3 Bg7 7. Bc4 O-O 8. f3
Nc6 9. Qd2 Bd7 10. O-O-O Ne5 11. Bb3 Qa5 12. Bh6 Rfc8 13. Bxg7 Kxg7 14. h4 Nc4
15. Bxc4 Rxc4 16. Nb3 Qa6 17. h5 Rac8 18. Kb1 Ba4 19. hxg6 fxg6 20. Qh6+ Kf7
21. Nd5 Rh8 22. Nf4 Bxb3 23. cxb3 Rc5 24. Nxg6 Rg8 25. Nf4 Rcg5 26. g4 Qb5 27.
Nd5 R8g6 28. Qh2 Rg7 29. Nxf6 Kxf6 30. Qh6+ Kf7 31. Qh2 Qc5 32. Qf4+ Kg8 33.
Rc1 Rf7 34. Qd2 Qe5 35. Rc8+ Kg7 36. Rf1 Rxg4 37. Qe2 Rg6 38. Rc7 d5 39. Rxb7
dxe4 40. Rxa7 Qg5 41. Ra4 exf3 42. Qe4 f2 43. Rc4 Qf5 44. Qxf5 Rxf5 45. Rcc1 e5
46. Kc2 Rg3 47. Kd2 e4 48. Ke2 e3 49. Rc3 Re5 50. a4 Rg1 51. Rcc1 Rg6 52. b4
Rd6 53. Rc3 Rf6 54. b5 Rf4 55. b3 Kf6 56. Rc4 Kg5 57. b6 1/2-1/2

[Event "III Memorial Salvatore Nobile"]
[Site "Roma ITA"]
[Date "2010.01.28"]
[Round "3"]
[White "Nazzarri, Errico"]
[Black "Marelli, Emanuele"]
[Result "1-0"]
[WhiteElo "1410"]
[BlackElo "1440"]
[PlyCount "92"]
[EventDate "2010.01.14"]

1. e4 c5 2. Nc3 d6 3. d3 Nf6 4. g3 Nc6 5. Bg2 e6 6. Nge2 e5 7. O-O Be6 8. f4
Bg4 9. fxe5 dxe5 10. Bg5 Be7 11. Qe1 b5 12. Nd1 Bxe2 13. Qxe2 Nd4 14. Qd2 O-O
15. Nf2 Ne6 16. Bxf6 Bxf6 17. b3 a5 18. Rfd1 Qd7 19. a4 b4 20. Rab1 Bg5 21. Qe1
Qd4 22. Qe2 Be3 23. Re1 Bxf2+ 24. Qxf2 Rac8 25. Rbd1 Qxf2+ 26. Kxf2 f5 27. Kg1
f4 28. Bh3 Ng5 29. Bg4 Rc7 30. Rf1 Rcf7 31. Bf5 g6 32. gxf4 exf4 33. Bg4 h5 34.
Bf3 Nxf3+ 35. Rxf3 g5 36. h3 g4 37. hxg4 hxg4 38. Rf2 f3 39. Kh2 Kg7 40. Kg3
Rf4 41. Rh1 Kg6 42. Rfh2 f2 43. Rh6+ Kg7 44. Rh7+ Kg8 45. Rh8+ Kf7 46. Rxf8+
Kxf8 1-0

[Event "III Memorial Salvatore Nobile"]
[Site "Roma ITA"]
[Date "2010.01.28"]
[Round "3"]
[White "Prudenzano, Ruggero"]
[Black "Di Mauro, Sebastiano"]
[Result "0-1"]
[WhiteElo "1927"]
[BlackElo "1832"]
[PlyCount "68"]
[EventDate "2010.01.14"]

1. Nf3 Nf6 2. c4 g6 3. Nc3 Bg7 4. e3 O-O 5. Qc2 d6 6. b3 Bf5 7. Bd3 Bxd3 8.
Qxd3 Nc6 9. Bb2 e5 10. a3 Re8 11. Qc2 e4 12. Ng5 h6 13. Nh3 d5 14. Nxd5 Nxd5
15. Bxg7 Nxe3 16. fxe3 Qh4+ 17. g3 Qxh3 18. Bb2 Rad8 19. O-O-O Ne5 20. Kb1 Rd3
21. Rdf1 Qg2 22. Bxe5 Rxe5 23. Kc1 Rf5 24. Rfg1 Qh3 25. Qb2 f6 26. g4 Rf2 27.
Rd1 Qxg4 28. Rhg1 Qf5 29. b4 Kf7 30. h3 h5 31. h4 Rxe3 32. Rde1 Rd3 33. Rd1 e3
34. c5 exd2+ 0-1

[Event "III Memorial Salvatore Nobile"]
[Site "Roma ITA"]
[Date "2010.01.28"]
[Round "3"]
[White "Quimi, Marco"]
[Black "Battistelli, Alessandro"]
[Result "1-0"]
[WhiteElo "2147"]
[BlackElo "1923"]
[PlyCount "66"]
[EventDate "2010.01.14"]

1. e4 d5 2. exd5 Nf6 3. d4 Nxd5 4. Bc4 Nb6 5. Bb3 g6 6. Nf3 Bg4 7. h3 Bf5 8.
O-O Bg7 9. c3 Bxb1 10. Rxb1 O-O 11. Bg5 h6 12. Bh4 Qd7 13. Ne5 Bxe5 14. dxe5 e6
15. Qc1 Kh7 16. Rd1 Qb5 17. Qf4 Nc6 18. Bf6 a5 19. h4 a4 20. Bc2 Nd5 21. Qg4
Nxf6 22. exf6 Rad8 23. h5 Qg5 24. hxg6+ Kg8 25. Qxg5 hxg5 26. g7 Ne5 27. Rxd8
Rxd8 28. g3 b5 29. Be4 Rd2 30. Kh2 Rd6 31. b3 a3 32. b4 Rd2 33. Kg2 Rxa2 1-0

[Event "III Memorial Salvatore Nobile"]
[Site "Roma ITA"]
[Date "2010.01.28"]
[Round "3"]
[White "Sacco, Davide"]
[Black "Marta, Daniele"]
[Result "0-1"]
[WhiteElo "1467"]
[BlackElo "2064"]
[PlyCount "112"]
[EventDate "2010.01.14"]

1. e4 Nc6 2. d4 e5 3. c3 Nf6 4. d5 Ne7 5. Bd3 Ng6 6. Ne2 Bc5 7. O-O d6 8. h3
O-O 9. Be3 Bb6 10. Bxb6 axb6 11. Nd2 Nh5 12. Ng3 Nhf4 13. Bc2 Nh4 14. Nf5 Nxf5
15. exf5 Nxd5 16. Qf3 Nf6 17. Rae1 Qd7 18. g4 Qc6 19. Ne4 Kh8 20. g5 Nd5 21. f6
Rg8 22. fxg7+ Rxg7 23. Kh2 Nf4 24. h4 Bf5 25. Bb3 Bg6 26. Re3 Bxe4 27. Rxe4 Rf8
28. Re3 Qxf3 29. Rxf3 f6 30. Rg1 fxg5 31. Rxg5 Rxg5 32. hxg5 Kg7 33. Bd1 Rf5
34. Rg3 Ng6 35. f3 Rf4 36. Rh3 Rh4 37. Kg3 Rxh3+ 38. Kxh3 Nf4+ 39. Kg3 h6 40.
gxh6+ Kxh6 41. Kh2 Kg5 42. Kg3 Nh5+ 43. Kf2 Kf4 44. Ke2 c6 45. a4 Ng3+ 46. Kd3
Nh1 47. Ke2 Ng3+ 48. Kd3 Nf5 49. b4 Nh4 50. c4 Nxf3 51. c5 bxc5 52. b5 cxb5 53.
axb5 d5 54. Kc3 e4 55. Bb3 e3 56. Bd1 d4+ 0-1

[Event "III Memorial Salvatore Nobile"]
[Site "Roma ITA"]
[Date "2010.01.28"]
[Round "3"]
[White "Salvagni, Gianfranco"]
[Black "Castellano, Lorenzo"]
[Result "0-1"]
[WhiteElo "1563"]
[BlackElo "1825"]
[PlyCount "120"]
[EventDate "2010.01.14"]

1. e4 c5 2. Nf3 d6 3. d4 cxd4 4. Nxd4 Nf6 5. Nc3 a6 6. Be2 e5 7. Nb3 Be6 8. Bg5
Nbd7 9. O-O Be7 10. Qd2 Qc7 11. Rad1 Rc8 12. f4 exf4 13. Qxf4 Ne5 14. Bxf6 Bxf6
15. Qd2 Be7 16. h3 O-O 17. Nd5 Bxd5 18. exd5 Qxc2 19. Nd4 Qxd2 20. Rxd2 g6 21.
Nf3 Nc4 22. Bxc4 Rxc4 23. b3 Rc5 24. Rfd1 Rfc8 25. Kf2 Bf8 26. Re2 Bh6 27. Rd3
Rc2 28. Nd4 Rxe2+ 29. Kxe2 Re8+ 30. Kf1 Kg7 31. Nf3 Re3 32. Rxe3 Bxe3 33. Ke2
Bc5 34. Ng5 h6 35. Ne4 Bb4 36. Kd3 f5 37. Nf2 Kf6 38. g4 b5 39. gxf5 gxf5 40.
h4 Be1 41. Nh3 Bxh4 42. Nf4 Bg5 43. Ne6 Ke5 44. Nc7 h5 45. Nxa6 Kxd5 46. a4
bxa4 47. bxa4 Bd8 48. Nb4+ Kc5 49. Nc2 h4 50. Ke2 d5 51. Ne3 f4 52. Ng4 Kc4 53.
Kf3 Bc7 54. Nf2 d4 55. Kg4 d3 56. Kxh4 d2 57. Kg4 Bb6 58. Nd1 Be3 59. a5 Kb5
60. a6 Kxa6 0-1

[Event "III Memorial Salvatore Nobile"]
[Site "Roma ITA"]
[Date "2010.01.28"]
[Round "3"]
[White "Vanzan, Alessandro"]
[Black "Casella, Carlo"]
[Result "1-0"]
[WhiteElo "1777"]
[BlackElo "1700"]
[PlyCount "153"]
[EventDate "2010.01.14"]

1. c4 d5 2. cxd5 Qxd5 3. Nc3 Qd8 4. Nf3 Nf6 5. g3 Nc6 6. Bg2 e5 7. d3 Be7 8.
O-O O-O 9. a3 Bg4 10. b4 a6 11. Bb2 Qd7 12. Re1 Bh3 13. Bh1 Rad8 14. b5 axb5
15. Nxb5 Qc8 16. Nxe5 Nxe5 17. Bxe5 c6 18. Rc1 Qf5 19. Bxf6 Bxf6 20. Nc3 Qa5
21. Qb3 Be6 22. Qb4 Ra8 23. Ne4 Qxb4 24. Nxf6+ gxf6 25. axb4 Ra4 26. Rb1 Rd8
27. b5 Rc8 28. bxc6 bxc6 29. Rbc1 c5 30. Rc3 Ra2 31. Bf3 Kg7 32. Rec1 Ra5 33.
Kg2 f5 34. d4 c4 35. e3 Kf6 36. e4 fxe4 37. Bxe4 h6 38. Rf3+ Kg7 39. Rfc3 Kf6
40. Kf3 h5 41. Ke3 Kg5 42. Bf3 f5 43. Be2 Ra4 44. f4+ Kh6 45. Bf3 Bf7 46. d5
Rd8 47. Kd4 Ra2 48. R1c2 Ra5 49. Kxc4 Bxd5+ 50. Kb4 Raa8 51. Bxd5 Rxd5 52. Rc6+
Kg7 53. R6c5 Rxc5 54. Rxc5 Rf8 55. Kc4 Kg6 56. Kd4 h4 57. Rc6+ Kh5 58. Ke5 hxg3
59. hxg3 Kg4 60. Rg6+ Kf3 61. Ke6 Ke4 62. Ke7 Ra8 63. Rg5 Ra6 64. Kf7 Rb6 65.
Rg6 Rb7+ 66. Kg8 Kf3 67. Rg5 Ke4 68. Rg7 Rb6 69. Kh7 Kf3 70. Rg6 Rb5 71. Kh6
Ke4 72. Kh5 Kf3 73. Rg5 Rb8 74. Kg6 Rb6+ 75. Kxf5 Rb5+ 76. Kg6 Ke4 77. Rxb5 1-0